[Event "Campeonato de España FEDC 2014"]
[Site "Linares ESP"]
[Date "2014.11.20"]
[Round "5.19"]
[White "Sanchez Ruiz, Piedad Esmeralda"]
[Black "Garcia Cruz, Francisco"]
[Result "1-0"]
[WhiteElo "1861"]
[BlackElo "1500"]
[PlyCount "43"]
[EventDate "2014.11.16"]
[EventType "swiss"]
[EventRounds "8"]
[EventCountry "ESP"]
[Source "lmi"]
[SourceDate "2014.11.16"]

1. e4 c5 2. Nf3 d6 3. d4 cxd4 4. Nxd4 a6 5. Nc3 Nf6 6. Bc4 Nc6 7. O-O g6 8. h3
Bg7 9. Be3 O-O 10. Bb3 Na5 11. f4 e5 12. Nde2 Nxb3 13. axb3 exf4 14. Nxf4 Re8
15. Qf3 Qe7 16. Rae1 Be6 17. Bd4 Rf8 18. Nfd5 Nxd5 19. Bxg7 Nxc3 20. Bf6 Qd7
21. Qf4 Nxe4 22. Rxe4 1-0

[Event "Campeonato de España FEDC 2014"]
[Site "Linares ESP"]
[Date "2014.11.20"]
[Round "5.20"]
[White "Martinez Perez, Carlos"]
[Black "Menendez Solar, Jose Carlos"]
[Result "0-1"]
[WhiteElo "1508"]
[BlackElo "1758"]
[PlyCount "72"]
[EventDate "2014.11.16"]
[EventType "swiss"]
[EventRounds "8"]
[EventCountry "ESP"]
[Source "lmi"]
[SourceDate "2014.11.16"]

1. e4 d6 2. Nc3 Nf6 3. d4 g6 4. f4 Bg7 5. Nf3 O-O 6. Bc4 Nxe4 7. Nxe4 d5 8.
Bxd5 Qxd5 9. Nc3 Qf5 10. Be3 Nd7 11. Qd2 Nb6 12. O-O-O Rd8 13. Qe2 Be6 14. Ne5
Bd5 15. Kb1 f6 16. g4 Qc8 17. Nxd5 Nxd5 18. Nd3 Qe6 19. Rhe1 Qb6 20. Ka1 Bf8
21. Nc5 Rd6 22. Bc1 Re8 23. h4 Kf7 24. f5 c6 25. Rf1 a6 26. Ne6 a5 27. fxg6+
hxg6 28. Ng5+ Kg7 29. h5 fxg5 30. hxg6 Rxg6 31. Qe5+ Nf6 32. Bxg5 Rd8 33. Rh1
Rd5 34. Bxf6+ exf6 35. Qh2 Kf7 36. Qh7+ Rg7 0-1

[Event "Campeonato de España FEDC 2014"]
[Site "Linares ESP"]
[Date "2014.11.20"]
[Round "5.21"]
[White "Escabias Perez, Miguel"]
[Black "Sanchez Ruiz, Justo"]
[Result "1-0"]
[WhiteElo "1590"]
[BlackElo "1708"]
[PlyCount "91"]
[EventDate "2014.11.16"]
[EventType "swiss"]
[EventRounds "8"]
[EventCountry "ESP"]
[Source "lmi"]
[SourceDate "2014.11.16"]

1. e4 d5 2. exd5 Qxd5 3. Nc3 Qa5 4. Bc4 Nf6 5. d3 c6 6. Nf3 Bg4 7. h3 Bh5 8. g4
Bg6 9. Bd2 Qc7 10. Qe2 e6 11. Nd4 Bd6 12. h4 h5 13. Bxe6 Kd8 14. Bc4 Re8 15.
Be3 Nxg4 16. O-O-O Nxe3 17. fxe3 Qe7 18. e4 Nd7 19. Qg2 Bf4+ 20. Kb1 Kc7 21.
Rdf1 Be5 22. Qf2 Rf8 23. Nce2 Rad8 24. Nf5 Bxf5 25. Qxf5 Nf6 26. Qf2 Qb4 27.
Bb3 c5 28. Qe1 Qb6 29. Nc3 Rfe8 30. Rhg1 Kb8 31. Bxf7 Re7 32. Bb3 a6 33. Rg5
Bxc3 34. Qxc3 Qc7 35. Rff5 b6 36. Rf1 Ng4 37. a4 Ne3 38. Rfg1 Rf8 39. Rxg7 Rxg7
40. Rxg7 Rf1+ 41. Ka2 Nd1 42. Rg8+ Ka7 43. Qh8 Ne3 44. Ra8+ Kb7 45. Rg8 Rf7 46.
Bxf7 1-0

[Event "Campeonato de España FEDC 2014"]
[Site "Linares ESP"]
[Date "2014.11.20"]
[Round "5.22"]
[White "Merino Gomez, Aurelio"]
[Black "Melero Marti, Hector"]
[Result "1-0"]
[WhiteElo "1696"]
[BlackElo "1537"]
[PlyCount "97"]
[EventDate "2014.11.16"]
[EventType "swiss"]
[EventRounds "8"]
[EventCountry "ESP"]
[Source "lmi"]
[SourceDate "2014.11.16"]

1. c4 c5 2. Nc3 g6 3. g3 Bg7 4. Bg2 Nc6 5. e3 Nf6 6. Nge2 O-O 7. d3 d6 8. O-O
Qc7 9. a3 b6 10. Rb1 a5 11. b3 Bb7 12. Bb2 Na7 13. e4 Rab8 14. Nf4 e6 15. Re1
Ba8 16. Bh3 b5 17. Nxb5 Nxb5 18. cxb5 Rxb5 19. Bxe6 fxe6 20. Nxe6 Qb7 21. Nxf8
Kxf8 22. Bc3 Nd7 23. Bxg7+ Kxg7 24. f4 Nf6 25. Qc2 d5 26. e5 Nd7 27. h4 d4 28.
Re4 Qc8 29. Re2 Qb7 30. Rh2 Qf3 31. Rg2 Qxg2+ 32. Qxg2 Bxg2 33. Kxg2 a4 34. b4
cxb4 35. axb4 Nc5 36. Kf3 a3 37. Ra1 Rxb4 38. Rxa3 Rb3 39. Rxb3 Nxb3 40. Ke4
Nc1 41. g4 Ne2 42. f5 gxf5+ 43. gxf5 Kf7 44. Kd5 Ng3 45. f6 Nf5 46. h5 h6 47.
Ke4 Ke6 48. f7 Kxf7 49. Kxf5 1-0

[Event "Campeonato de España FEDC 2014"]
[Site "Linares ESP"]
[Date "2014.11.20"]
[Round "5.23"]
[White "Miramon Borragan, Gustavo"]
[Black "Lago Carballo, Carmen"]
[Result "1/2-1/2"]
[WhiteElo "1626"]
[BlackElo "1447"]
[PlyCount "50"]
[EventDate "2014.11.16"]
[EventType "swiss"]
[EventRounds "8"]
[EventCountry "ESP"]
[Source "lmi"]
[SourceDate "2014.11.16"]

1. e4 d5 2. exd5 Qxd5 3. Nc3 Qa5 4. Nf3 Nf6 5. d4 c6 6. Bd3 Bf5 7. O-O e6 8. a3
Bd6 9. Re1 Bg6 10. Ne5 Qc7 11. h3 Nbd7 12. Bf4 Rd8 13. Nxd7 Rxd7 14. Bxd6 Qxd6
15. Ne2 O-O 16. c3 c5 17. Bb5 Rdd8 18. Ba4 b6 19. Qc1 Bd3 20. Nf4 Bf5 21. dxc5
Qxc5 22. Qe3 Qxe3 23. Rxe3 Nd5 24. Nxd5 Rxd5 25. Re2 Rfd8 1/2-1/2

[Event "Campeonato de España FEDC 2014"]
[Site "Linares ESP"]
[Date "2014.11.20"]
[Round "5.24"]
[White "Gil Dominguez, Angel Jesus"]
[Black "Juanes Paniagua, Alberto"]
[Result "1/2-1/2"]
[WhiteElo "1571"]
[BlackElo "1321"]
[PlyCount "121"]
[EventDate "2014.11.16"]
[EventType "swiss"]
[EventRounds "8"]
[EventCountry "ESP"]
[Source "lmi"]
[SourceDate "2014.11.16"]

1. d4 d5 2. Nf3 c6 3. Bg5 Nd7 4. a3 Ngf6 5. Nc3 e6 6. Ne5 Be7 7. e3 O-O 8. Bd3
h6 9. Bf4 Qb6 10. Qc1 c5 11. dxc5 Nxc5 12. b4 Nxd3+ 13. cxd3 Nh5 14. Ne2 Nxf4
15. exf4 Bf6 16. Rb1 a6 17. Ng4 Bh4 18. O-O Bd7 19. Ne5 Bb5 20. Qd1 Rac8 21. a4
Be8 22. Nc1 Be7 23. d4 Qc7 24. Ncd3 Qc2 25. Nc5 Qxd1 26. Rfxd1 Bxc5 27. bxc5
Bxa4 28. Rdc1 Bc6 29. Ra1 Bb5 30. g3 f6 31. Nf3 Rc6 32. Nd2 Re8 33. Nf3 Rc7 34.
Re1 Kf7 35. Kg2 Ra8 36. Ra5 Bc6 37. g4 Rb8 38. Kg3 Bb5 39. h4 b6 40. cxb6 Rxb6
41. g5 Rc4 42. gxf6 gxf6 43. Kg4 Ra4 44. Rxa4 Bxa4 45. f5 Bd7 46. fxe6+ Rxe6
47. Rxe6 Bxe6+ 48. Kh5 Kg7 49. Nd2 a5 50. Nb3 a4 51. Nc5 Bf7+ 52. Kg4 a3 53.
Nb3 h5+ 54. Kf4 Kg6 55. Na1 Be6 56. Nc2 a2 57. Na1 f5 58. Ke5 Bf7 59. f3 Bg8
60. f4 Bf7 61. Nb3 1/2-1/2

[Event "Campeonato de España FEDC 2014"]
[Site "Linares ESP"]
[Date "2014.11.20"]
[Round "5.25"]
[White "Fernandez Cabello, Emilio"]
[Black "Alarcon Alarcon, Juana"]
[Result "1-0"]
[WhiteElo "1513"]
[BlackElo "1322"]
[PlyCount "27"]
[EventDate "2014.11.16"]
[EventType "swiss"]
[EventRounds "8"]
[EventCountry "ESP"]
[Source "lmi"]
[SourceDate "2014.11.16"]

1. e4 e5 2. Bc4 Nf6 3. d4 Nc6 4. Nf3 d6 5. dxe5 Nxe4 6. Bxf7+ Kxf7 7. Qd5+ Ke8
8. Qxe4 Be7 9. exd6 Qxd6 10. O-O Bd7 11. Nc3 Rf8 12. Nb5 Qf6 13. Nxc7+ Kf7 14.
Ng5+ 1-0

[Event "Campeonato de España FEDC 2014"]
[Site "Linares ESP"]
[Date "2014.11.20"]
[Round "5.26"]
[White "Ardila Pacheco, Julian"]
[Black "Bueno Cardenas, Rafael"]
[Result "0-1"]
[WhiteElo "1215"]
[BlackElo "1511"]
[PlyCount "42"]
[EventDate "2014.11.16"]
[EventType "swiss"]
[EventRounds "8"]
[EventCountry "ESP"]
[Source "lmi"]
[SourceDate "2014.11.16"]

1. e4 e6 2. d4 d5 3. e5 c5 4. c3 Nc6 5. Nf3 Qb6 6. b3 Nge7 7. a3 Nf5 8. Be2
cxd4 9. b4 dxc3 10. O-O Ncd4 11. Bd3 Nxf3+ 12. Kh1 Nxe5 13. Bxf5 c2 14. Qxc2
exf5 15. Qd1 Bd6 16. Be3 Qd8 17. Qxd5 O-O 18. Nc3 Ng4 19. Qf3 Nxh2 20. Qe2 Nxf1
21. Rxf1 Qh4+ 0-1

[Event "Campeonato de España FEDC 2014"]
[Site "Linares ESP"]
[Date "2014.11.20"]
[Round "5.27"]
[White "Garcia Cruz, Jose Manuel"]
[Black "Calvente Aldehuela, Antonia"]
[Result "1-0"]
[WhiteElo "1300"]
[BlackElo "1362"]
[PlyCount "99"]
[EventDate "2014.11.16"]
[EventType "swiss"]
[EventRounds "8"]
[EventCountry "ESP"]
[Source "lmi"]
[SourceDate "2014.11.16"]

1. d4 d5 2. c4 e6 3. Nc3 c6 4. Nf3 Nf6 5. Bg5 Be7 6. e3 Nbd7 7. Qc2 O-O 8. Rd1
b6 9. Bd3 Bb7 10. O-O h6 11. Bh4 Re8 12. Rfe1 Qc7 13. e4 g6 14. e5 Nh5 15. Bxe7
Rxe7 16. Qc1 Kh7 17. Ne2 Rc8 18. Nf4 Nxf4 19. Qxf4 Ba6 20. b3 dxc4 21. bxc4 f6
22. Qg3 fxe5 23. Qxg6+ Kh8 24. Qxh6+ Kg8 25. Nxe5 Nxe5 26. Rxe5 Qd7 27. Be2 Rh7
28. Qxe6+ Qxe6 29. Rxe6 Kf7 30. Rxc6 Rxc6 31. d5 Rd6 32. Rd2 Bb7 33. Bf3 Rh4
34. g4 Rh8 35. Kg2 Rhd8 36. h4 b5 37. Rb2 Ba8 38. Rxb5 Kf6 39. h5 Rc8 40. Be2
Bb7 41. Rxb7 Ra6 42. Rb2 Re8 43. Kf3 Rb6 44. Rd2 Ke5 45. Ke3 Rf6 46. f3 Kd6+
47. Kd4 Rf4+ 48. Kc3 Kc5 49. Rb2 Re3+ 50. Kd2 1-0

[Event "Campeonato de España FEDC 2014"]
[Site "Linares ESP"]
[Date "2014.11.20"]
[Round "5.28"]
[White "Mena Lena, Antonio"]
[Black "Urlezaga Mandaluniz, Jose A"]
[Result "1-0"]
[WhiteElo "1296"]
[BlackElo "1284"]
[PlyCount "73"]
[EventDate "2014.11.16"]
[EventType "swiss"]
[EventRounds "8"]
[EventCountry "ESP"]
[Source "lmi"]
[SourceDate "2014.11.16"]

1. c4 c5 2. Nc3 Nf6 3. e4 d6 4. Nf3 Nbd7 5. d3 e6 6. Be3 a6 7. d4 cxd4 8. Nxd4
Be7 9. Be2 O-O 10. O-O Ne5 11. f4 Ng6 12. f5 Ne5 13. Ndb5 axb5 14. b3 bxc4 15.
Bxc4 Bd7 16. Bd2 Nxc4 17. bxc4 Rc8 18. Qb3 Qc7 19. Rab1 Rb8 20. Rfe1 Bc6 21.
Bf4 Nh5 22. Be3 Qa5 23. Bb6 Qe5 24. Nd5 exd5 25. exd5 Qf6 26. dxc6 bxc6 27. Qa4
c5 28. g3 Qd4+ 29. Kg2 Qg4 30. Re3 Nf4+ 31. Kf2 Nh3+ 32. Ke1 Bg5 33. Kd2 Bxe3+
34. Kxe3 Rfd8 35. Bxd8 Qd4+ 36. Ke2 Rxb1 37. Qe8# 1-0

[Event "Campeonato de España FEDC 2014"]
[Site "Linares ESP"]
[Date "2014.11.21"]
[Round "6.1"]
[White "Aguilar Sevilla, Diego"]
[Black "Draghici Flutur, Gavril"]
[Result "1-0"]
[WhiteElo "2105"]
[BlackElo "2164"]
[PlyCount "87"]
[EventDate "2014.11.16"]
[EventType "swiss"]
[EventRounds "8"]
[EventCountry "ESP"]
[Source "lmi"]
[SourceDate "2014.11.16"]

1. e4 c5 2. Nf3 Nc6 3. Bb5 e6 4. Bxc6 bxc6 5. b3 Ne7 6. Bb2 Ng6 7. O-O a5 8. e5
f6 9. Re1 Be7 10. Na3 fxe5 11. Nxe5 Nxe5 12. Bxe5 O-O 13. Nc4 d6 14. Bg3 e5 15.
a4 Ra7 16. d3 Bg5 17. Re2 Rf6 18. Qe1 Be6 19. Nxd6 Bg4 20. Rxe5 Rxd6 21. Re8+
Kf7 22. Rxd8 Rxd8 23. Qe4 Bf6 24. Rf1 h5 25. f3 Be6 26. Qxc6 h4 27. Bf2 h3 28.
Qxc5 Raa8 29. Re1 Re8 30. Qh5+ Kg8 31. d4 Re7 32. d5 Bf7 33. Qxh3 Rxe1+ 34.
Bxe1 Bxd5 35. Qf5 Bf7 36. Bxa5 Re8 37. Bb6 Bc3 38. Qd3 Be1 39. a5 Bh4 40. g3
Bf6 41. a6 Be6 42. a7 Kf7 43. Qb5 Rc8 44. Qa6 1-0

[Event "Campeonato de España FEDC 2014"]
[Site "Linares ESP"]
[Date "2014.11.21"]
[Round "6.2"]
[White "Septien Lopez, Valeriano"]
[Black "Fernandez Manrique, Agustin"]
[Result "0-1"]
[WhiteElo "1811"]
[BlackElo "2197"]
[PlyCount "64"]
[EventDate "2014.11.16"]
[EventType "swiss"]
[EventRounds "8"]
[EventCountry "ESP"]
[Source "lmi"]
[SourceDate "2014.11.16"]

1. f4 Nf6 2. Nf3 g6 3. b3 Bg7 4. Bb2 O-O 5. e3 d6 6. Be2 c5 7. O-O Nc6 8. Qe1
e5 9. fxe5 Ng4 10. Nc3 Ngxe5 11. a3 d5 12. Na4 b6 13. Qg3 Qe7 14. Rae1 Bb7 15.
d4 Nd7 16. Bd3 f5 17. Nh4 Qe6 18. c4 Ne7 19. dxc5 Bxb2 20. Nxb2 Nxc5 21. cxd5
Bxd5 22. Bc4 Ne4 23. Qc7 Rfc8 24. Qf4 Nd2 25. Bxd5 Nxd5 26. Qd4 Nxf1 27. Kxf1
Rd8 28. Nc4 Qf6 29. Qxf6 Nxf6 30. Nf3 Rd3 31. Nd4 Re8 32. Ke2 Rxd4 0-1

[Event "Campeonato de España FEDC 2014"]
[Site "Linares ESP"]
[Date "2014.11.21"]
[Round "6.3"]
[White "Garcia Cervigon, Cecilio"]
[Black "Clemente Llamero, Roberto"]
[Result "1/2-1/2"]
[WhiteElo "1807"]
[BlackElo "2097"]
[PlyCount "105"]
[EventDate "2014.11.16"]
[EventType "swiss"]
[EventRounds "8"]
[EventCountry "ESP"]
[Source "lmi"]
[SourceDate "2014.11.16"]

1. d4 e6 2. Nf3 b6 3. c4 Bb7 4. Nc3 Bb4 5. e3 Nf6 6. Bd3 O-O 7. O-O d5 8. a3
Bxc3 9. bxc3 Nc6 10. cxd5 exd5 11. c4 Na5 12. Ne5 dxc4 13. Be2 b5 14. Rb1 a6
15. Bd2 Nb3 16. Bc3 Be4 17. Rb2 Nd5 18. Be1 c5 19. Nf3 cxd4 20. Nxd4 Nxd4 21.
Qxd4 Nf6 22. Qc3 Qc7 23. f3 Bc6 24. Bg3 Qe7 25. e4 Rfd8 26. Bh4 Qc5+ 27. Kh1
Qd4 28. Qc2 Rac8 29. Rd1 Qe3 30. Re1 Qh6 31. Bf2 Qg6 32. Qc3 Nd7 33. Rd1 Nf8
34. Rbd2 Rxd2 35. Rxd2 Be8 36. Bd1 Qe6 37. Qb4 Qe5 38. Bd4 Qc7 39. Qc3 f6 40.
Qe3 Nd7 41. Bc2 Bf7 42. h3 a5 43. Bc3 Ne5 44. f4 Nd3 45. Bxd3 cxd3 46. Rxd3 Bc4
47. Rd1 Qe7 48. Bxa5 Re8 49. Re1 Bd5 50. e5 fxe5 51. Qxe5 Qxe5 52. Rxe5 Rxe5
53. fxe5 1/2-1/2

[Event "Campeonato de España FEDC 2014"]
[Site "Linares ESP"]
[Date "2014.11.21"]
[Round "6.4"]
[White "Martinez Colomar, Alejandro"]
[Black "Palacios Perez, Manuel"]
[Result "0-1"]
[WhiteElo "1747"]
[BlackElo "2208"]
[PlyCount "84"]
[EventDate "2014.11.16"]
[EventType "swiss"]
[EventRounds "8"]
[EventCountry "ESP"]
[Source "lmi"]
[SourceDate "2014.11.16"]

1. d4 Nf6 2. Nf3 g6 3. Bf4 Bg7 4. e3 O-O 5. c4 d6 6. h3 Nbd7 7. Nc3 Re8 8. Be2
c6 9. O-O Qb6 10. Qb3 e5 11. Bh2 Qd8 12. Rfe1 a6 13. a4 Qa5 14. Qa3 Bf8 15. b4
Qd8 16. a5 exd4 17. exd4 Ne4 18. Nxe4 Rxe4 19. Bf1 Nf6 20. Bd3 Rxe1+ 21. Rxe1
Bd7 22. Ng5 h6 23. Ne4 Nxe4 24. Bxe4 Qf6 25. Rd1 Re8 26. Qf3 Qe7 27. Bd3 Bf5
28. Bf4 Bxd3 29. Qxd3 d5 30. c5 Bg7 31. Qe3 Qd8 32. Qd2 Qh4 33. Kh2 g5 34. g3
Qh5 35. g4 Qg6 36. Be3 Qe4 37. Qd3 Qf3 38. Rd2 Re4 39. Qe2 Qxe2 40. Rxe2 Bxd4
41. Bxd4 Rxe2 42. Kg3 Re4 0-1

[Event "Campeonato de España FEDC 2014"]
[Site "Linares ESP"]
[Date "2014.11.21"]
[Round "6.5"]
[White "Ortiz Amenos, Jose Luis"]
[Black "Zanoletty Garcia, David"]
[Result "0-1"]
[WhiteElo "2039"]
[BlackElo "1996"]
[PlyCount "64"]
[EventDate "2014.11.16"]
[EventType "swiss"]
[EventRounds "8"]
[EventCountry "ESP"]
[Source "lmi"]
[SourceDate "2014.11.16"]

1. e4 e6 2. d4 d5 3. e5 c5 4. c3 Nc6 5. Nf3 Bd7 6. Be2 Nge7 7. Na3 cxd4 8. cxd4
Nf5 9. Nc2 Qa5+ 10. Bd2 Qb6 11. Bc3 Be7 12. Qd2 a5 13. a3 a4 14. Qf4 Na5 15.
O-O Bb5 16. Rfe1 Nb3 17. Rad1 h6 18. Bxb5+ Qxb5 19. Nd2 Bg5 20. Qg4 Bxd2 21.
Bxd2 Nxd2 22. Rxd2 Qxb2 23. Red1 O-O 24. Qf3 Qb3 25. Qe2 Rfc8 26. g4 Nh4 27.
Ne3 Qxa3 28. Ra2 Qe7 29. Kh1 Qg5 30. Ng2 Nxg2 31. Kxg2 Rc4 32. Rd3 b5 0-1

[Event "Campeonato de España FEDC 2014"]
[Site "Linares ESP"]
[Date "2014.11.21"]
[Round "6.6"]
[White "Fernandez Lago, David"]
[Black "Saez Gabikagogeaskoa, Oscar"]
[Result "1/2-1/2"]
[WhiteElo "2000"]
[BlackElo "1988"]
[PlyCount "36"]
[EventDate "2014.11.16"]
[EventType "swiss"]
[EventRounds "8"]
[EventCountry "ESP"]
[Source "lmi"]
[SourceDate "2014.11.16"]

1. e4 c5 2. Nc3 Nc6 3. Nf3 e5 4. Bc4 Be7 5. d3 d6 6. h3 Nf6 7. Bg5 O-O 8. O-O
Be6 9. Bxf6 Bxf6 10. Nd5 Rb8 11. a4 g6 12. Qd2 Nd4 13. Nxd4 cxd4 14. f4 Bxd5
15. Bxd5 exf4 16. Qxf4 Be5 17. Qg4 Kg7 18. a5 h5 1/2-1/2

[Event "Campeonato de España FEDC 2014"]
[Site "Linares ESP"]
[Date "2014.11.21"]
[Round "6.7"]
[White "Coves Sepulcre, Laureano"]
[Black "Olivera Gutierrez, Albert"]
[Result "0-1"]
[WhiteElo "1840"]
[BlackElo "2047"]
[PlyCount "128"]
[EventDate "2014.11.16"]
[EventType "swiss"]
[EventRounds "8"]
[EventCountry "ESP"]
[Source "lmi"]
[SourceDate "2014.11.16"]

1. c4 e5 2. Nc3 Nc6 3. Nf3 f5 4. d4 e4 5. Ng5 h6 6. Nh3 Nf6 7. Nf4 Ne7 8. e3 g5
9. Nh5 Neg8 10. c5 d5 11. cxd6 cxd6 12. h4 g4 13. Nf4 Kf7 14. Bd2 Ne7 15. Bc4+
d5 16. Bb3 a6 17. Rc1 h5 18. Qc2 Bh6 19. Nce2 Nc6 20. g3 Re8 21. a3 Re7 22. O-O
Qd6 23. Qc5 Rd7 24. Qxd6 Rxd6 25. Rc5 Be6 26. Rfc1 Rc8 27. a4 b6 28. R5c2 a5
29. Ba2 Bd7 30. Bb3 Be8 31. Kg2 Rdd8 32. Be1 Bf8 33. Nc3 Nb4 34. Rd2 Bh6 35.
Rdd1 Bxf4 36. gxf4 Nd3 37. Rc2 Ke6 38. Kf1 Rc6 39. Rdd2 Rdc8 40. Nb5 Rxc2 41.
Rxc2 Rxc2 42. Bxc2 Bxb5 43. axb5 Nxb2 44. Bc3 Nc4 45. Ke2 Ne8 46. Ke1 Nc7 47.
Ba4 Nd6 48. Ke2 Ncxb5 49. Be1 Nc7 50. Bc6 Nc8 51. Kd2 Ne7 52. Ba4 Ng6 53. Ke2
Nxh4 54. Bd2 Nf3 55. Bc1 h4 56. Kf1 h3 57. Ba3 b5 58. Bc2 b4 59. Bc1 Nb5 60.
Ba4 Nc3 61. Bc6 b3 62. Bb2 Nb1 63. Bc1 b2 64. Bxb2 Nbd2+ 0-1

[Event "Campeonato de España FEDC 2014"]
[Site "Linares ESP"]
[Date "2014.11.21"]
[Round "6.8"]
[White "Garcia Cervigon, Juan Pablo"]
[Black "Vela Ignacio, Jose Manuel"]
[Result "0-1"]
[WhiteElo "1709"]
[BlackElo "2128"]
[PlyCount "128"]
[EventDate "2014.11.16"]
[EventType "swiss"]
[EventRounds "8"]
[EventCountry "ESP"]
[Source "lmi"]
[SourceDate "2014.11.16"]

1. d4 e6 2. Nf3 c6 3. e4 d5 4. exd5 cxd5 5. c4 Nc6 6. Nc3 Bb4 7. Be2 dxc4 8.
Bxc4 Nf6 9. O-O O-O 10. a3 Bxc3 11. bxc3 Qc7 12. Bd3 e5 13. Nxe5 Nxe5 14. dxe5
Qxe5 15. Re1 Qxc3 16. Bg5 Ng4 17. Rc1 Qa5 18. Be7 Re8 19. Bb4 Rxe1+ 20. Qxe1
Qe5 21. Qxe5 Nxe5 22. Be4 Nc6 23. Bxc6 bxc6 24. Rxc6 Be6 25. h3 h6 26. Rc7 a5
27. Bc5 a4 28. Bb4 Rd8 29. Kh2 Rd1 30. Ra7 Bb3 31. Kg3 Kh7 32. Kh2 Kg6 33. Ra5
Rc1 34. Rc5 Ra1 35. Kg3 Ra2 36. Re5 Kf6 37. Rc5 Ke6 38. Ra5 g6 39. f3 h5 40. h4
Kd7 41. Rg5 Kc6 42. Rc5+ Kb6 43. Rg5 Bd1 44. Re5 Bc2 45. Rc5 Bb3 46. Re5 Be6
47. Ra5 Rxa3 48. Rxh5 Rb3 49. Bc5+ Kc6 50. Re5 Bd5 51. Bf8 a3 52. Re1 a2 53.
Bg7 Rb1 54. Re2 a1=Q 55. Bxa1 Rxa1 56. f4 Ra2 57. Rxa2 Bxa2 58. Kg4 Be6+ 59.
Kg5 Kd5 60. g4 Ke4 61. f5 gxf5 62. gxf5 Bxf5 63. h5 Ke5 64. Kh6 Bd3 0-1

[Event "Campeonato de España FEDC 2014"]
[Site "Linares ESP"]
[Date "2014.11.21"]
[Round "6.9"]
[White "Monmeneu Chulia, Vicente Juan"]
[Black "Sanz Garcia, Ramon"]
[Result "0-1"]
[WhiteElo "1851"]
[BlackElo "1706"]
[PlyCount "100"]
[EventDate "2014.11.16"]
[EventType "swiss"]
[EventRounds "8"]
[EventCountry "ESP"]
[Source "lmi"]
[SourceDate "2014.11.16"]

1. d4 c5 2. d5 d6 3. c4 e5 4. e4 Be7 5. Nf3 Nf6 6. Nc3 O-O 7. h3 Ne8 8. g4 g6
9. Bh6 Ng7 10. Bd3 Nd7 11. Qd2 Nf6 12. O-O-O Bd7 13. Kb1 a6 14. Qc2 Rb8 15. a4
Qa5 16. Bd2 Qd8 17. b3 Nfe8 18. Ne1 Nc7 19. f4 exf4 20. Bxf4 b5 21. Kc1 bxa4
22. bxa4 Nce8 23. Bd2 Bg5 24. Nf3 Bxd2+ 25. Kxd2 Qa5 26. Ke2 Nf6 27. Nd2 Rfe8
28. Kf2 Rb4 29. Nb3 Qd8 30. Rhe1 Bc8 31. Nc1 Qb6 32. Rd2 Qd8 33. N1a2 Rb8 34.
Kg2 Nd7 35. e5 Nxe5 36. Ne4 f5 37. Ng3 f4 38. Rxe5 Rxe5 39. Ne4 Ne8 40. Nac3
Bd7 41. Nf2 Qf6 42. Nce4 f3+ 43. Kg3 Qf8 44. h4 Rb4 45. Ng5 Qe7 46. Nxf3 Re3
47. Ne4 Qe5+ 48. Kf2 Qf4 49. Neg5 Bxg4 50. Be2 Nf6 0-1

[Event "Campeonato de España FEDC 2014"]
[Site "Linares ESP"]
[Date "2014.11.21"]
[Round "6.10"]
[White "Samper Alarcon, Julio Alfredo"]
[Black "Pimienta Sanchez, Manuel"]
[Result "0-1"]
[WhiteElo "1627"]
[BlackElo "1820"]
[PlyCount "122"]
[EventDate "2014.11.16"]
[EventType "swiss"]
[EventRounds "8"]
[EventCountry "ESP"]
[Source "lmi"]
[SourceDate "2014.11.16"]

1. e4 d6 2. d3 c5 3. Nd2 g6 4. g3 Bg7 5. Bg2 Nc6 6. c3 Nf6 7. Ngf3 O-O 8. O-O
Bg4 9. Qc2 Qc8 10. Nc4 b5 11. Ne3 Bh3 12. Bd2 Bxg2 13. Kxg2 a5 14. Rac1 Qb7 15.
Qd1 b4 16. Kg1 Nd7 17. Ng2 Qa6 18. Be1 Nce5 19. c4 Nxf3+ 20. Qxf3 Bxb2 21. Rc2
Bg7 22. Ne3 e6 23. Ng4 h5 24. Ne3 a4 25. Qe2 b3 26. axb3 axb3 27. Rc1 Qa2 28.
Qd1 b2 29. Rb1 Qxb1 30. Qxb1 Ra1 31. Bd2 Rxb1 32. Rxb1 Ne5 33. Rxb2 Nf3+ 34.
Kg2 Nh4+ 35. gxh4 Bxb2 36. Nd1 Bg7 37. Bc3 Ra8 38. Bxg7 Kxg7 39. Kf3 f5 40. Ne3
Ra3 41. exf5 gxf5 42. Ke2 Kf6 43. Ng2 Ke5 44. Ke3 d5 45. cxd5 exd5 46. Ne1 c4
47. f4+ Kd6 48. Kd4 cxd3 49. Nxd3 Ra4+ 50. Ke3 d4+ 51. Kf3 Ra3 52. Ke2 Ra2+ 53.
Kf3 Rxh2 54. Kg3 Re2 55. Ne5 Rxe5 56. fxe5+ Kxe5 57. Kf3 f4 58. Ke2 Ke4 59. Kd2
f3 60. Ke1 Ke3 61. Kf1 f2 0-1

[Event "Campeonato de España FEDC 2014"]
[Site "Linares ESP"]
[Date "2014.11.21"]
[Round "6.11"]
[White "Garcia Andrinal, Antonio"]
[Black "Diaz De La Guia, Luis"]
[Result "0-1"]
[WhiteElo "1726"]
[BlackElo "1653"]
[PlyCount "68"]
[EventDate "2014.11.16"]
[EventType "swiss"]
[EventRounds "8"]
[EventCountry "ESP"]
[Source "lmi"]
[SourceDate "2014.11.16"]

1. e4 e6 2. d4 d5 3. e5 c5 4. c3 Qb6 5. Nf3 Nc6 6. Bd3 Bd7 7. dxc5 Bxc5 8. O-O
Qc7 9. Qe2 Nge7 10. Bf4 a6 11. Nbd2 Ng6 12. Bg3 Nce7 13. Nb3 O-O 14. Nbd4 Rac8
15. Ng5 h6 16. Ngf3 b5 17. h4 Bxd4 18. cxd4 Nc6 19. Rac1 Qb6 20. Qe3 Na5 21. b3
b4 22. Bb1 Bb5 23. Rxc8 Rxc8 24. Rc1 Rxc1+ 25. Qxc1 Qc6 26. Qxc6 Nxc6 27. Bxg6
fxg6 28. Bf4 Be2 29. Be3 Bxf3 30. gxf3 Ne7 31. Kg2 Nf5 32. Kh3 h5 33. f4 Kf7
34. f3 Nxe3 0-1

[Event "Campeonato de España FEDC 2014"]
[Site "Linares ESP"]
[Date "2014.11.21"]
[Round "6.12"]
[White "Salas Rasilla, Concepcion"]
[Black "Sanchez Ruiz, Piedad Esmeralda"]
[Result "1/2-1/2"]
[WhiteElo "1653"]
[BlackElo "1861"]
[PlyCount "27"]
[EventDate "2014.11.16"]
[EventType "swiss"]
[EventRounds "8"]
[EventCountry "ESP"]
[Source "lmi"]
[SourceDate "2014.11.16"]

1. Nf3 d5 2. c4 e6 3. g3 c6 4. Qc2 Nf6 5. Bg2 Be7 6. O-O O-O 7. d4 Nbd7 8. Nbd2
b6 9. e4 dxe4 10. Nxe4 c5 11. Nxf6+ gxf6 12. dxc5 Bxc5 13. Ng5 fxg5 14. Bxa8
1/2-1/2

[Event "Campeonato de España FEDC 2014"]
[Site "Linares ESP"]
[Date "2014.11.21"]
[Round "6.13"]
[White "Ramirez Carrasco, Antonio"]
[Black "Ariste Justo, Jesus Angel"]
[Result "1-0"]
[WhiteElo "1755"]
[BlackElo "1858"]
[PlyCount "39"]
[EventDate "2014.11.16"]
[EventType "swiss"]
[EventRounds "8"]
[EventCountry "ESP"]
[Source "lmi"]
[SourceDate "2014.11.16"]

1. e4 c5 2. Nf3 e6 3. c3 d5 4. e5 Nc6 5. d4 Qb6 6. a3 c4 7. Nbd2 Nge7 8. Bxc4
dxc4 9. Nxc4 Qc7 10. Nd6+ Kd7 11. Nxf7 Rg8 12. d5 exd5 13. c4 Nd8 14. Nd6 Ndc6
15. Bf4 Nd8 16. Ng5 h6 17. Qg4+ Kc6 18. cxd5+ Kb6 19. Be3+ Ka6 20. Qe2+ 1-0